000 00272nam a22001217a 4500
008 170601b xxu||||| |||| 00| 0 eng d
041 _aeng
080 _a93
100 _a17
101 _aSHH
245 _aSTAR YOUNG/ A LIFE IN THE ARTS
_cPILKINGTON, J
942 _2udc
_cBK
999 _c15228
_d15228